Normal view
MARC view
Entry Topical Term
001 - CONTROL NUMBER
- control field: 34935
003 - CONTROL NUMBER IDENTIFIER
- control field: OSt
005 - DATE AND TIME OF LATEST TRANSACTION
- control field: 20221228153825.0
008 - FIXED-LENGTH DATA ELEMENTS
- fixed length control field: 221228|| aca||aabn | a|a d
040 ## - CATALOGING SOURCE
- Original cataloging agency: OSt
- Transcribing agency: OSt
150 ## - HEADING--TOPICAL TERM
- Topical term or geographic name entry element: Performance management, Anticorruption, social unrest, China
670 ## - SOURCE DATA FOUND
- Source citation: Work cat.: (OSt): Hou, Linke Liu, Mingxing and Zhang, Dong 34934, Top-down accountability, social unrest, and anticorruption in China
